Nghiên cứu khả năng kháng khuẩn của lá cỏ lào (Chromolaena odorata L) và thử nghiệm điều trị bệnh do Escherichia coli trên chuột bạch : Luận văn tốt nghiệp cao học Ngành Thú y
Đề tài xác định tính kháng khuẩn của lá cỏ lào, thử nghiệm dùng cao cỏ lào điều trị bệnh do Escherichia coli trên chuột bạch.
保存先:
| 第一著者: | |
|---|---|
| フォーマット: | 図書 |
| 言語: | Undetermined |
| 出版事項: |
Cần Thơ
Trường Đại học Cần Thơ
2014
|
| 主題: | |
| タグ: |
タグ追加
タグなし, このレコードへの初めてのタグを付けませんか!
|
| Thư viện lưu trữ: | Trung tâm Học liệu Trường Đại học Cần Thơ |
|---|
| LEADER | 01090nam a2200217Ia 4500 | ||
|---|---|---|---|
| 001 | CTU_191124 | ||
| 008 | 210402s9999 xx 000 0 und d | ||
| 082 | |a 636.0896 | ||
| 082 | |b D304 | ||
| 088 | |a 60640101 | ||
| 100 | |a Nguyễn, Thị Hồng Diễm | ||
| 245 | 0 | |a Nghiên cứu khả năng kháng khuẩn của lá cỏ lào (Chromolaena odorata L) và thử nghiệm điều trị bệnh do Escherichia coli trên chuột bạch : | |
| 245 | 0 | |b Luận văn tốt nghiệp cao học Ngành Thú y | |
| 245 | 0 | |c Nguyễn Thị Hồng Diễm ; Huỳnh Kim Diệu (Cán bộ hướng dẫn) | |
| 260 | |a Cần Thơ | ||
| 260 | |b Trường Đại học Cần Thơ | ||
| 260 | |c 2014 | ||
| 520 | |a Đề tài xác định tính kháng khuẩn của lá cỏ lào, thử nghiệm dùng cao cỏ lào điều trị bệnh do Escherichia coli trên chuột bạch. | ||
| 650 | |a Animals Diseases,Bệnh động vật | ||
| 910 | |a Hải | ||
| 980 | |a Trung tâm Học liệu Trường Đại học Cần Thơ | ||